[Event "15PCR_ZK3"]
[Site "?"]
[Date "2003.??.??"]
[Round "?"]
[White "Trs, Jan"]
[Black "Portych, Vaclav"]
[Result "1/2-1/2"]
[WhiteElo "2060"]
[BlackElo "2060"]
[PlyCount "42"]
[EventDate "2003.??.??"]
[EventType "corr"]
[EventRounds "2"]
[SourceDate "2005.03.17"]

1. d4 Nf6 2. c4 e6 3. Nc3 Bb4 4. Qc2 d5 5. a3 Bxc3+ 6. Qxc3 Ne4 7. Qc2 c5 8.
dxc5 Nc6 9. Nf3 Qa5+ 10. Bd2 Nxd2 11. Qxd2 dxc4 12. e3 Qxc5 13. Qc3 O-O 14.
Bxc4 Na5 15. Rc1 Nxc4 16. Qxc4 Qxc4 17. Rxc4 Bd7 18. Rc7 Bc6 19. O-O Rac8 20.
Rxc8 Rxc8 21. Rc1 Kf8 1/2-1/2

[Event "15PCR_ZK3"]
[Site "?"]
[Date "2003.??.??"]
[Round "?"]
[White "Cvak, Rudolf"]
[Black "Trs, Jan"]
[Result "0-1"]
[WhiteElo "1800"]
[BlackElo "2060"]
[PlyCount "68"]
[EventDate "2003.??.??"]
[EventType "corr"]
[EventRounds "2"]
[SourceDate "2005.03.17"]

1. e4 c6 2. d4 d5 3. e5 Bf5 4. Nc3 e6 5. g4 Bg6 6. Nge2 c5 7. h4 h6 8. Be3 Nc6
9. dxc5 Nxe5 10. Nf4 Bh7 11. Bb5+ Nc6 12. Qe2 Qc7 13. Nh5 O-O-O 14. Bxc6 Qxc6
15. Nb5 Bxc5 16. Nxa7+ Bxa7 17. Bxa7 d4 18. Rh3 Nf6 19. Nxf6 gxf6 20. Qf3 Qb5
21. Qa3 Qe5+ 22. Kf1 Qb5+ 23. Kg1 Rhg8 24. Rg3 b6 25. c4 dxc3 26. Rxc3+ Kb7 27.
f3 Rd3 28. Rac1 Rgd8 29. Qe7+ R8d7 30. Rc7+ Ka6 31. Rxd7 Rxd7 32. Qa3+ Kb7 33.
Bxb6 Qxb6+ 34. Kh1 Rd6 0-1

[Event "15PCR_ZK3"]
[Site "?"]
[Date "2003.??.??"]
[Round "?"]
[White "Portych, Vaclav"]
[Black "Simunek, Jiri"]
[Result "1/2-1/2"]
[WhiteElo "2060"]
[BlackElo "2000"]
[PlyCount "93"]
[EventDate "2003.??.??"]
[EventType "corr"]
[EventRounds "2"]
[SourceDate "2005.03.17"]

1. c4 e6 2. Nc3 d5 3. cxd5 exd5 4. Nf3 Nf6 5. g3 c6 6. Bg2 d4 7. Nb1 Be7 8. d3
O-O 9. Bf4 Nd5 10. Bxb8 Rxb8 11. Nbd2 c5 12. O-O Be6 13. Re1 Re8 14. a3 a6 15.
Rc1 b5 16. e3 dxe3 17. fxe3 Bf6 18. e4 Bxb2 19. exd5 Qxd5 20. Rc2 Bxa3 21. Qa1
Bb4 22. Ne5 Qd6 23. Nc6 Qxd3 24. Be4 Qd6 25. Nxb8 Rxb8 26. Re2 Bg4 27. Rf2 c4
28. Kg2 Re8 29. Ra2 a5 30. Qb1 Qh6 31. Bd5 Bh3+ 32. Kg1 Be6 33. Bxe6 Qxe6 34.
Kg2 Bc5 35. Rf5 Qc6+ 36. Nf3 g6 37. Rf4 a4 38. Rb2 a3 39. Rxb5 a2 40. Qxa2 Qxb5
41. Qxc4 Re2+ 42. Kh3 Qd7+ 43. g4 Bd6 44. Rxf7 Rxh2+ 45. Nxh2 Qxf7 46. Qxf7+
Kxf7 47. Nf3 1/2-1/2

[Event "15PCR_ZK3"]
[Site "?"]
[Date "2003.??.??"]
[Round "?"]
[White "Zednik, Martin"]
[Black "Petricek, Jiri"]
[Result "1-0"]
[WhiteElo "1800"]
[BlackElo "1875"]
[PlyCount "41"]
[EventDate "2003.??.??"]
[EventType "corr"]
[EventRounds "2"]
[SourceDate "2005.03.17"]

1. e4 e6 2. d4 d5 3. Nc3 Nf6 4. Bg5 Be7 5. e5 Nfd7 6. Bxe7 Qxe7 7. f4 O-O 8.
Nf3 c5 9. Qd2 cxd4 10. Nxd4 Nc6 11. O-O-O Nc5 12. Qe3 Na6 13. Bxa6 Nxd4 14. Bd3
Qc5 15. Bxh7+ Kxh7 16. Rxd4 b6 17. f5 Re8 18. Rh4+ Kg8 19. Qh3 Kf8 20. f6 gxf6
21. exf6 1-0

[Event "15PCR_ZK3"]
[Site "?"]
[Date "2003.??.??"]
[Round "?"]
[White "Bernard, Roman"]
[Black "Stika, Vaclav"]
[Result "1/2-1/2"]
[WhiteElo "1800"]
[BlackElo "1860"]
[PlyCount "111"]
[EventDate "2003.??.??"]
[EventType "corr"]
[EventRounds "2"]
[SourceDate "2005.03.17"]

1. e4 e5 2. Nf3 Nf6 3. Nxe5 Qe7 4. Nf3 Qxe4+ 5. Be2 Be7 6. O-O O-O 7. d4 d5 8.
Re1 Qe6 9. c4 dxc4 10. Ne5 Qb6 11. Nc3 Nc6 12. Na4 Qb4 13. Nxc6 bxc6 14. a3 Qb3
15. Bxc4 Qxc4 16. Rxe7 Bg4 17. f3 Be6 18. Nc5 Nd5 19. Nxe6 Nxe7 20. Nxf8 Kxf8
21. Be3 Nd5 22. Qc1 Qb5 23. Bf2 Kg8 24. b4 h6 25. Qe1 Rb8 26. Kh1 Rd8 27. Bg3
Qd3 28. Bh4 Rb8 29. Bf2 Qc2 30. Bg1 Qb2 31. Qc1 Qe2 32. f4 Rb6 33. f5 Qd3 34.
Qf1 Qc3 35. Ra2 Rb5 36. Qa1 Qxa1 37. Rxa1 a5 38. bxa5 Rxa5 39. h3 Ra4 40. g4 h5
41. Kh2 Kh7 42. Kg3 Nc3 43. Kf3 hxg4+ 44. hxg4 Nb5 45. Ke2 g6 46. Rc1 Rxa3 47.
Rxc6 Rg3 48. fxg6+ fxg6 49. Be3 Rxg4 50. Kd3 Rh4 51. Rc5 Rh5 52. d5 Nd6 53.
Rxc7+ Kg8 54. Rc5 Kf7 55. Bf4 Ke7 56. Kd4 1/2-1/2

[Event "15PCR_ZK3"]
[Site "?"]
[Date "2003.??.??"]
[Round "?"]
[White "Bernard, Roman"]
[Black "Cvak, Rudolf"]
[Result "1-0"]
[WhiteElo "1800"]
[BlackElo "1800"]
[PlyCount "77"]
[EventDate "2003.??.??"]
[EventType "corr"]
[EventRounds "2"]
[SourceDate "2005.03.17"]

1. e4 e5 2. Nf3 Nc6 3. Bb5 a6 4. Ba4 Nf6 5. O-O Be7 6. Re1 b5 7. Bb3 O-O 8. a4
b4 9. Bd5 Bb7 10. Bxc6 Bxc6 11. d4 exd4 12. Nbd2 Bb7 13. Nxd4 d5 14. e5 Ne8 15.
N2b3 c5 16. Nf5 c4 17. Nbd4 Bc5 18. Be3 Qd7 19. a5 Rc8 20. Qh5 Rb8 21. Bf4 Bxd4
22. Nxd4 Nc7 23. Re3 g6 24. Qh6 Rbe8 25. Bg5 f5 26. Bf6 f4 27. Qxf4 Rf7 28. Rg3
Ne6 29. Qh4 Ng7 30. f4 Ba8 31. f5 Nxf5 32. Rxg6+ Rg7 33. Rxg7+ Nxg7 34. e6 Qa7
35. e7 c3 36. Rf1 h6 37. Bxg7 Qxe7 38. Bf6 Qe3+ 39. Kh1 1-0

[Event "15PCR_ZK3"]
[Site "?"]
[Date "2003.??.??"]
[Round "?"]
[White "Stika, Vaclav"]
[Black "Zednik, Martin"]
[Result "1-0"]
[WhiteElo "1860"]
[BlackElo "1800"]
[PlyCount "163"]
[EventDate "2003.??.??"]
[EventType "corr"]
[EventRounds "2"]
[SourceDate "2005.03.17"]

1. e4 e5 2. Nf3 Nc6 3. Bc4 Bc5 4. d3 Nf6 5. Be3 Bb6 6. O-O d6 7. Bg5 h6 8. Be3
O-O 9. Nbd2 Na5 10. Qe2 Bxe3 11. fxe3 c6 12. a3 Nxc4 13. Nxc4 Re8 14. Ncd2 d5
15. exd5 cxd5 16. d4 exd4 17. Nxd4 Qb6 18. Qd3 Bg4 19. Rae1 Bh5 20. Qb5 Qxb5
21. Nxb5 Rad8 22. Nxa7 Bg6 23. Rf4 d4 24. Nb5 dxe3 25. Nc4 Bxc2 26. Nxe3 Bd3
27. Nc3 Kf8 28. Rb4 Rd6 29. h3 Re7 30. Kf2 Ne4+ 31. Nxe4 Bxe4 32. Rd1 Rf6+ 33.
Kg1 Rfe6 34. Rbd4 f5 35. Nd5 Bxd5 36. Rxd5 g6 37. Rd6 g5 38. R1d5 Rxd6 39. Rxd6
Kg7 40. Kf2 Rc7 41. Kf3 Re7 42. g3 Rc7 43. h4 Rf7 44. h5 Rf6 45. Rd7+ Rf7 46.
Rd5 Rf6 47. Rb5 Rf7 48. a4 f4 49. Rb6 fxg3+ 50. Kxg3 Rd7 51. a5 Rd3+ 52. Kf2
Rd2+ 53. Ke3 Rd7 54. b4 Re7+ 55. Kd4 Rd7+ 56. Kc5 Rc7+ 57. Kb5 Kh7 58. Rg6 Rc3
59. Kb6 Rb3 60. b5 Rb1 61. Re6 g4 62. Rg6 Rb4 63. a6 bxa6 64. Kxa6 Ra4+ 65. Kb7
g3 66. Rxg3 Rh4 67. b6 Rxh5 68. Ka6 Rh1 69. Rb3 Ra1+ 70. Kb5 Ra8 71. b7 Rb8 72.
Kc6 Kg6 73. Rb5 h5 74. Kc7 Re8 75. b8=Q Rxb8 76. Kxb8 Kh6 77. Kc7 h4 78. Kd6
Kg6 79. Ke6 h3 80. Rb3 h2 81. Rh3 Kg5 82. Ke5 1-0

[Event "15PCR_ZK3"]
[Site "?"]
[Date "2003.??.??"]
[Round "?"]
[White "Petricek, Jiri"]
[Black "Portych, Vaclav"]
[Result "0-1"]
[WhiteElo "1875"]
[BlackElo "2060"]
[PlyCount "74"]
[EventDate "2003.??.??"]
[EventType "corr"]
[EventRounds "2"]
[SourceDate "2005.03.17"]

1. c4 e5 2. Nc3 Nf6 3. Nf3 Nc6 4. g3 Nd4 5. Bg2 Nxf3+ 6. Bxf3 Bb4 7. Qb3 Bc5 8.
d3 O-O 9. O-O c6 10. Bg5 h6 11. Bxf6 Qxf6 12. Ne4 Qe7 13. Nxc5 Qxc5 14. Bg2 d6
15. a3 Bg4 16. Rfe1 Rab8 17. Qb4 Qxb4 18. axb4 a6 19. Ra5 Be6 20. c5 d5 21. e3
Bf5 22. Bf1 Rfe8 23. h3 Rbd8 24. Rea1 d4 25. e4 Be6 26. f4 f5 27. fxe5 fxe4 28.
dxe4 d3 29. Rd1 Rd4 30. Ra4 Bb3 31. Raa1 Bxd1 32. Rxd1 d2 33. e6 Rxe6 34. Bg2
Re8 35. Kf2 Red8 36. b5 axb5 37. Bf3 Rb4 0-1

[Event "15PCR_ZK3"]
[Site "?"]
[Date "2003.??.??"]
[Round "?"]
[White "Simunek, Jiri"]
[Black "Trs, Jan"]
[Result "0-1"]
[WhiteElo "2000"]
[BlackElo "2060"]
[PlyCount "110"]
[EventDate "2003.??.??"]
[EventType "corr"]
[EventRounds "2"]
[SourceDate "2005.03.17"]

1. d4 Nf6 2. c4 e6 3. Nc3 Bb4 4. Qc2 O-O 5. a3 Bxc3+ 6. Qxc3 b6 7. Bg5 Bb7 8.
Qg3 Ne4 9. Bxd8 Nxg3 10. hxg3 Rxd8 11. e3 c5 12. dxc5 bxc5 13. Rd1 d6 14. Nf3
h6 15. Rh5 Nc6 16. Bd3 a5 17. Bc2 Ne7 18. b3 f5 19. Kd2 Kf7 20. Kc3 Kf6 21. Rh4
Bc6 22. Ne1 Ng6 23. Rh1 Ne5 24. a4 Ng4 25. Rd2 Ke7 26. Bd1 Nf6 27. Bf3 Ra6 28.
Nc2 Be8 29. Na3 g5 30. Kd3 Rb6 31. Kc2 h5 32. Rdd1 Rb4 33. Be2 d5 34. f3 g4 35.
Bd3 Bd7 36. f4 Bc6 37. Rhe1 Ne8 38. Rh1 Rdb8 39. Rb1 Nf6 40. Rhe1 Ra8 41. Rg1
Ra7 42. Rbc1 Rab7 43. Rb1 Rc7 44. Rh1 Rd7 45. Rbd1 Rdb7 46. Rb1 Ra7 47. Kc3
dxc4 48. Nxc4 Bxg2 49. Rh2 Bd5 50. Bc2 Bxc4 51. bxc4 Rab7 52. Rhh1 Rb8 53. Rhe1
Nd7 54. e4 fxe4 55. Ra1 Nf6 0-1

[Event "15PCR_ZK3"]
[Site "?"]
[Date "2003.??.??"]
[Round "?"]
[White "Cvak, Rudolf"]
[Black "Simunek, Jiri"]
[Result "0-1"]
[WhiteElo "1800"]
[BlackElo "2000"]
[PlyCount "80"]
[EventDate "2003.??.??"]
[EventType "corr"]
[EventRounds "2"]
[SourceDate "2005.03.17"]

1. e4 e6 2. d4 d5 3. Nc3 Nf6 4. Bg5 dxe4 5. Nxe4 Nbd7 6. Nf3 Be7 7. Nxf6+ Nxf6
8. Bd3 O-O 9. Qe2 h6 10. Bh4 Bd7 11. O-O-O Bc6 12. Rhg1 Kh8 13. Bc4 Bd5 14. g4
c6 15. h3 g5 16. Bg3 Ne4 17. Ne5 Qa5 18. Bd3 Nc3 19. Qe3 Nxa2+ 20. Kb1 Nb4 21.
c3 Qa2+ 22. Kc1 Nxd3+ 23. Nxd3 b5 24. f4 b4 25. cxb4 Qc4+ 26. Kd2 Bxb4+ 27.
Nxb4 Qxb4+ 28. Qc3 a5 29. fxg5 hxg5 30. h4 gxh4 31. Bxh4 Rfb8 32. Bf6+ Kh7 33.
Kc1 Qxc3+ 34. bxc3 a4 35. Be5 Rb3 36. Kd2 Bc4 37. Rh1+ Kg6 38. Bf4 Rb2+ 39. Ke3
Re2+ 40. Kf3 Rc2 0-1

[Event "15PCR_ZK3"]
[Site "?"]
[Date "2003.??.??"]
[Round "?"]
[White "Trs, Jan"]
[Black "Petricek, Jiri"]
[Result "1-0"]
[WhiteElo "2060"]
[BlackElo "1875"]
[PlyCount "35"]
[EventDate "2003.??.??"]
[EventType "corr"]
[EventRounds "2"]
[SourceDate "2005.03.17"]

1. e4 e5 2. Nf3 Nc6 3. Bb5 a6 4. Ba4 Nf6 5. O-O b5 6. Bb3 Bc5 7. Nxe5 Nxe5 8.
d4 Neg4 9. dxc5 Qe7 10. Bf4 c6 11. Bd6 Qd8 12. e5 Nd5 13. Qxg4 g6 14. Nc3 Nxc3
15. bxc3 h5 16. Qf4 Rh7 17. Rfe1 Qg5 18. Qxg5 1-0

[Event "15PCR_ZK3"]
[Site "?"]
[Date "2003.??.??"]
[Round "?"]
[White "Portych, Vaclav"]
[Black "Stika, Vaclav"]
[Result "0-1"]
[WhiteElo "2060"]
[BlackElo "1860"]
[PlyCount "82"]
[EventDate "2003.??.??"]
[EventType "corr"]
[EventRounds "2"]
[SourceDate "2005.03.17"]

1. c4 e5 2. Nc3 Nc6 3. Nf3 Nf6 4. g3 d5 5. cxd5 Nxd5 6. Bg2 Nxc3 7. bxc3 e4 8.
Ng1 h5 9. Bxe4 h4 10. d4 Ne7 11. gxh4 Nd5 12. Bg5 Qd7 13. Qb3 c6 14. Nf3 Qe6
15. Bd3 a5 16. O-O a4 17. Qc2 Bd6 18. Rfb1 Qh3 19. Ne5 f6 20. e4 Bxe5 21. dxe5
Qg4+ 22. Kf1 Nf4 23. Bxf4 Qxf4 24. exf6 gxf6 25. e5 Bh3+ 26. Ke1 O-O-O 27. Rb4
Qxe5+ 28. Re4 Qxh2 29. Rb1 Bf5 30. Rbb4 Bxe4 31. Rxe4 Kb8 32. Rxa4 Rhe8+ 33.
Re4 Qh1+ 34. Ke2 f5 35. Re3 Rxe3+ 36. fxe3 f4 37. exf4 Re8+ 38. Kf2 Qxh4+ 39.
Kf3 Qh3+ 40. Kf2 Qe3+ 41. Kg2 Qxf4 0-1

[Event "15PCR_ZK3"]
[Site "?"]
[Date "2003.??.??"]
[Round "?"]
[White "Zednik, Martin"]
[Black "Cvak, Rudolf"]
[Result "1-0"]
[WhiteElo "1800"]
[BlackElo "1800"]
[PlyCount "75"]
[EventDate "2003.??.??"]
[EventType "corr"]
[EventRounds "2"]
[SourceDate "2005.03.17"]

1. e4 e5 2. Nf3 Nc6 3. Bb5 a6 4. Ba4 Nf6 5. O-O Be7 6. Re1 b5 7. Bb3 O-O 8. c3
d6 9. h3 Nb8 10. d4 Nbd7 11. Nbd2 Bb7 12. Bc2 Re8 13. Nf1 Bf8 14. Ng3 g6 15. a4
c5 16. d5 c4 17. Bg5 h6 18. Be3 Nc5 19. Ra3 Qb6 20. b4 cxb3 21. Rxb3 Qa5 22.
Rb4 Reb8 23. Qd2 bxa4 24. Bxh6 Bxh6 25. Qxh6 Qd8 26. Ra1 a5 27. Rb5 Rc8 28.
Rbb1 Rab8 29. Qe3 Qd7 30. Ra3 Qc7 31. Bxa4 Ra8 32. Nd2 Nxa4 33. Rxa4 Rcb8 34.
c4 Ra6 35. Nf5 Nd7 36. Qh6 gxf5 37. exf5 f6 38. Ra3 1-0

[Event "15PCR_ZK3"]
[Site "?"]
[Date "2003.??.??"]
[Round "?"]
[White "Bernard, Roman"]
[Black "Portych, Vaclav"]
[Result "1-0"]
[WhiteElo "1800"]
[BlackElo "2060"]
[PlyCount "111"]
[EventDate "2003.??.??"]
[EventType "corr"]
[EventRounds "2"]
[SourceDate "2005.03.17"]

1. e4 c5 2. Nf3 Nc6 3. Bb5 g6 4. Nc3 Bg7 5. d3 Nf6 6. O-O O-O 7. Re1 a6 8. Bxc6
dxc6 9. a4 b5 10. axb5 cxb5 11. Nxb5 c4 12. e5 Nd7 13. d4 Nb6 14. Nc3 Bg4 15.
h3 Bxf3 16. Qxf3 Qxd4 17. Be3 Qd8 18. e6 fxe6 19. Qc6 Rb8 20. Rxa6 Nc8 21. Qxc4
Rxb2 22. Na4 Rb8 23. Nc5 Nd6 24. Qxe6+ Rf7 25. c4 Nf5 26. Ne4 Qc8 27. Ng5 Qxe6
28. Nxe6 Bc3 29. Ba7 Bxe1 30. Bxb8 Nd4 31. Nf4 Rf6 32. Rxf6 exf6 33. Nd5 Kf7
34. Kf1 Ba5 35. Bf4 h5 36. Bc1 Bd8 37. Bb2 Nc6 38. Ke2 h4 39. Kd3 Ke6 40. g4
hxg3 41. fxg3 f5 42. Bd4 Ba5 43. Nf4+ Kf7 44. c5 Be1 45. g4 fxg4 46. hxg4 Bg3
47. Ne2 Bc7 48. Ke4 Ke6 49. Be3 Be5 50. Bf4 Bxf4 51. Nxf4+ Kf6 52. Nh3 Ke6 53.
g5 Nd8 54. Nf4+ Kf7 55. Ke5 Nc6+ 56. Kd6 1-0

[Event "15PCR_ZK3"]
[Site "?"]
[Date "2003.??.??"]
[Round "?"]
[White "Stika, Vaclav"]
[Black "Trs, Jan"]
[Result "1/2-1/2"]
[WhiteElo "1860"]
[BlackElo "2060"]
[PlyCount "90"]
[EventDate "2003.??.??"]
[EventType "corr"]
[EventRounds "2"]
[SourceDate "2005.03.17"]

1. e4 c6 2. d4 d5 3. exd5 cxd5 4. Bd3 g6 5. Nf3 Bg7 6. c3 Nc6 7. O-O Nf6 8. Qb3
O-O 9. Bf4 Nh5 10. Be3 Qd6 11. Re1 Rd8 12. Qa3 Qc7 13. Nbd2 Nf4 14. Bb5 Ne6 15.
Ng5 a6 16. Nxe6 Bxe6 17. Bd3 b5 18. Nb3 b4 19. cxb4 Qb6 20. Rac1 Qxb4 21. Rc3
a5 22. Qxb4 Nxb4 23. Bb1 a4 24. Nc5 Bf5 25. Bxf5 gxf5 26. a3 Nc6 27. Nxa4 Nxd4
28. Nc5 Rdc8 29. Rcc1 Rcb8 30. Nd3 Nb3 31. Rc7 e5 32. f3 e4 33. Nb4 d4 34. Bf4
d3 35. Nc6 Rb5 36. a4 Rc5 37. Ne7+ Kh8 38. Rxc5 Nxc5 39. Nxf5 Bxb2 40. Rb1 Bc3
41. Kf2 h5 42. Be3 Nxa4 43. fxe4 Rd8 44. Bf4 Nb2 45. Ne3 Bd4 1/2-1/2

[Event "15PCR_ZK3"]
[Site "?"]
[Date "2003.??.??"]
[Round "?"]
[White "Petricek, Jiri"]
[Black "Simunek, Jiri"]
[Result "0-1"]
[WhiteElo "1875"]
[BlackElo "2000"]
[PlyCount "38"]
[EventDate "2003.??.??"]
[EventType "corr"]
[EventRounds "2"]
[SourceDate "2005.03.17"]

1. e4 e6 2. d4 d5 3. Nc3 Nf6 4. Bg5 dxe4 5. Nxe4 Nbd7 6. c3 h6 7. Nf3 hxg5 8.
Nfxg5 Nxe4 9. Nxe4 Nb6 10. Bd3 Bd7 11. O-O Qh4 12. h3 Bc6 13. Nc5 Bxg2 14. f3
Bxh3 15. Ne4 Rh6 16. Qe1 Rg6+ 17. Kh2 Rg2+ 18. Kh1 Qf4 19. Bb5+ Kd8 0-1

[Event "15PCR_ZK3"]
[Site "?"]
[Date "2003.??.??"]
[Round "?"]
[White "Cvak, Rudolf"]
[Black "Petricek, Jiri"]
[Result "1-0"]
[WhiteElo "1800"]
[BlackElo "1875"]
[PlyCount "41"]
[EventDate "2003.??.??"]
[EventType "corr"]
[EventRounds "2"]
[SourceDate "2005.03.17"]

1. e4 c6 2. d4 d5 3. e5 Bf5 4. Nc3 e6 5. g4 Bg6 6. Nge2 c5 7. h4 h5 8. Nf4 Bh7
9. Nxh5 cxd4 10. Nb5 Qc8 11. Nxg7+ Kd8 12. Nd6 Bxd6 13. exd6 Bxc2 14. Qxd4 f6
15. g5 Nc6 16. Qc3 Be4 17. gxf6 Bxh1 18. f7 Kd7 19. Bh3 Kxd6 20. Qa3+ Kc7 21.
Bf4+ 1-0

[Event "15PCR_ZK3"]
[Site "?"]
[Date "2003.??.??"]
[Round "?"]
[White "Simunek, Jiri"]
[Black "Stika, Vaclav"]
[Result "1/2-1/2"]
[WhiteElo "2000"]
[BlackElo "1860"]
[PlyCount "100"]
[EventDate "2003.??.??"]
[EventType "corr"]
[EventRounds "2"]
[SourceDate "2005.03.17"]

1. d4 Nf6 2. c4 e6 3. Nc3 Bb4 4. Qc2 d5 5. cxd5 exd5 6. Bg5 O-O 7. e3 c6 8. Bd3
h6 9. Bh4 Re8 10. Nf3 Bd6 11. O-O Bg4 12. Nd2 Nbd7 13. Rae1 Rc8 14. f3 Be6 15.
f4 g5 16. fxg5 hxg5 17. Bxg5 Bxh2+ 18. Kh1 Bg3 19. Rxf6 Bxe1 20. Rg6+ fxg6 21.
Bxd8 Rcxd8 22. Bxg6 Re7 23. Nf3 Bg3 24. e4 Rf8 25. exd5 Bxd5 26. Be4 Kg7 27.
Nxd5 cxd5 28. Bd3 Rfe8 29. Kg1 Nf6 30. Ne5 Bxe5 31. dxe5 Rxe5 32. Qa4 a6 33.
Qd4 Kf7 34. Kf2 Rg5 35. Qb4 Re7 36. Kf3 b5 37. g3 Ne4 38. g4 Rg6 39. Qd4 Rd6
40. a3 Kg8 41. b3 Re8 42. a4 bxa4 43. bxa4 Kf7 44. a5 Ree6 45. Qa7+ Re7 46. Qb8
Rf6+ 47. Kg2 Rg6 48. Qc8 Ree6 49. Qd7+ Kf8 50. Qxd5 Rxg4+ 1/2-1/2

[Event "15PCR_ZK3"]
[Site "?"]
[Date "2003.??.??"]
[Round "?"]
[White "Trs, Jan"]
[Black "Bernard, Roman"]
[Result "1-0"]
[WhiteElo "2060"]
[BlackElo "1800"]
[PlyCount "77"]
[EventDate "2003.??.??"]
[EventType "corr"]
[EventRounds "2"]
[SourceDate "2005.03.17"]

1. d4 Nf6 2. c4 e6 3. Nc3 Bb4 4. Qc2 c5 5. dxc5 Bxc5 6. Nf3 Nc6 7. a3 d5 8.
cxd5 Nxd5 9. e3 Bd6 10. Bd2 O-O 11. Rd1 Ne5 12. Be2 Qf6 13. Nd4 Qh4 14. Nxd5
exd5 15. Bc3 Ng4 16. g3 Qh3 17. Bf1 Qh5 18. Bg2 Ne5 19. h3 Re8 20. Qe2 Qg5 21.
Nb5 Bb8 22. Rxd5 Be6 23. Rd4 Bd7 24. h4 Qh6 25. O-O Qb6 26. a4 Bc6 27. f4 Bxg2
28. Kxg2 Nc6 29. Rd2 Qc5 30. Qg4 Qf8 31. Rd7 a6 32. Nd4 Nxd4 33. exd4 Bd6 34.
Rxb7 Re3 35. d5 Rae8 36. h5 R8e7 37. Rxe7 Rxe7 38. h6 g6 39. f5 1-0

[Event "15PCR_ZK3"]
[Site "?"]
[Date "2003.??.??"]
[Round "?"]
[White "Portych, Vaclav"]
[Black "Zednik, Martin"]
[Result "0-1"]
[WhiteElo "2060"]
[BlackElo "1800"]
[PlyCount "84"]
[EventDate "2003.??.??"]
[EventType "corr"]
[EventRounds "2"]
[SourceDate "2005.03.17"]

1. c4 c5 2. Nc3 Nc6 3. Nf3 Nf6 4. g3 d5 5. cxd5 Nxd5 6. Bg2 Nc7 7. O-O e5 8. d3
Be7 9. Nd2 Bd7 10. Nc4 f6 11. f4 b5 12. Ne3 Rc8 13. a4 b4 14. Ncd5 O-O 15.
Nxe7+ Qxe7 16. Nc4 Rcd8 17. b3 Be8 18. Bb2 exf4 19. Rxf4 Qd7 20. Qc2 Ne6 21.
Rff1 Ned4 22. Bxd4 Nxd4 23. Qb2 Qg4 24. Rf2 Bg6 25. Rd1 Rfe8 26. Rd2 Qg5 27.
Rf4 Bf7 28. a5 Bxc4 29. bxc4 Qe5 30. Re4 Qh5 31. Kh1 Rxe4 32. Bxe4 Qg5 33. Bg2
Qe3 34. Be4 f5 35. Bd5+ Rxd5 36. cxd5 Qf2 37. Qb1 Nxe2 38. Rxe2 Qxe2 39. Kg1
Qe3+ 40. Kg2 Qd2+ 41. Kg1 Kf7 42. Qb3 Qc3 0-1